LDR 00949naa#a2200169#i#450# 001 RU\\bibl\120765 005 20260428160955.2 011 ## _a2687-0185 100 ## _a20250212b2025####ek#y0rusy0150####ca 102 ## _aRU 200 1# _aНекоторые вопросы контрольно-надзорной деятельности МВД России _eЖурнальная статья 210 1# _aМосква _cМосковский университет МВД России имени В.Я. Кикотя _d2025 215 ## _a3 с. 608 ## _aЖурнальная статья _2local 675 ## _aГосударственное административное управление. Военное искусство. Военные науки. 35 _aОрганы охраны общественного порядка. Милиция. Полиция. 351.74 _z 700 #1 _aЯнишевский _gАндрей Бориславович 856 4# _amosumvd.editorum.ru _u